<?xml version="1.0" encoding="UTF-8"?>
<collection xmlns="http://www.loc.gov/MARC21/slim">
<record>
  <controlfield tag="001">30598</controlfield>
  <controlfield tag="005">20220530093228.0</controlfield>
  <datafield tag="037" ind1=" " ind2=" ">
    <subfield code="a">NORMAS-2014-051</subfield>
  </datafield>
  <datafield tag="245" ind1=" " ind2=" ">
    <subfield code="a">Normativa sobre la libre configuración curricular</subfield>
  </datafield>
  <datafield tag="260" ind1=" " ind2=" ">
    <subfield code="a">Zaragoza</subfield>
    <subfield code="b">Consejo de Gobierno de la Universidad de Zaragoza</subfield>
    <subfield code="c">1997-04-29</subfield>
  </datafield>
  <datafield tag="500" ind1=" " ind2=" ">
    <subfield code="a">Modificación: BOUZ 03-06 06/03/2006</subfield>
  </datafield>
  <datafield tag="650" ind1=" " ind2=" ">
    <subfield code="a">Académica </subfield>
  </datafield>
  <datafield tag="650" ind1=" " ind2=" ">
    <subfield code="a">Libre</subfield>
  </datafield>
  <datafield tag="650" ind1=" " ind2=" ">
    <subfield code="a">Configuración </subfield>
  </datafield>
  <datafield tag="653" ind1="1" ind2=" ">
    <subfield code="a">Adaptaciones curriculares</subfield>
  </datafield>
  <datafield tag="700" ind1=" " ind2=" ">
    <subfield code="a">Consejo de Gobierno de la Universidad de Zaragoza</subfield>
  </datafield>
  <datafield tag="856" ind1="0" ind2=" ">
    <subfield code="f">secregen@unizar.es</subfield>
  </datafield>
  <datafield tag="856" ind1="4" ind2=" ">
    <subfield code="s">128756</subfield>
    <subfield code="u">http://zaguan.unizar.es/record/30598/files/norma_academicaAsignaturasOptativas_1997_original.pdf</subfield>
    <subfield code="y">Normativa</subfield>
    <subfield code="z">1</subfield>
  </datafield>
  <datafield tag="856" ind1="4" ind2=" ">
    <subfield code="s">48994</subfield>
    <subfield code="u">http://zaguan.unizar.es/record/30598/files/norma_academicaAsignaturasOptativas_1997_modif.pdf</subfield>
    <subfield code="y">Modificación 21/02/2006</subfield>
    <subfield code="z">2</subfield>
  </datafield>
  <datafield tag="980" ind1=" " ind2=" ">
    <subfield code="a">NORMAS</subfield>
  </datafield>
</record>
</collection>